|
|
|
|
| LEADER |
00000cam a2200000 7i4500 |
| 001 |
0000004236 |
| 002 |
000004553 |
| 005 |
20000330.0 |
| 020 |
|
|
|a 0563360275
|
| 090 |
0 |
0 |
|a 808.02
|b EVA
|
| 100 |
1 |
|
|a Evans, George
|
| 245 |
1 |
0 |
|a Get writing :
|b a practical quide to creative writing
|c George Evans and Vince Powell
|
| 260 |
|
|
|a London :
|b BBC Books ,
|c 1990
|
| 300 |
|
|
|a 127 p. ;
|c 27 cm.
|
| 650 |
0 |
0 |
|a Creative writing English
|
| 700 |
1 |
|
|a Powell, Vince
|
| 999 |
|
|
|a 031249
|b BUKU
|c PINJAMAN
|e PERPUSTAKAAN KOMUNITI PETALING JAYA
|
| 999 |
|
|
|a 031250
|b BUKU
|c PINJAMAN
|e PERPUSTAKAAN KOMUNITI PETALING JAYA
|